| 000 | | | 03763nmc2a22002413x 450 |
| 001 | | | 8e97af23-8cc2-48d9-98a9-5ca67a92d7dc |
| 005 | | | 20240228140159.0 |
| 100 | ## | $a | 20230531l18901890k l0rusy0189 ca |
| 101 | 0# | $a | rus |
| 102 | ## | $a | RU |
| 105 | ## | $a | y### |
| 122 | 2# | $a | d |
| 200 | 1# | $a | Всеподданнейшие доклады по разным предметам за 1890 год |
| | $j | 19 января - 13 декабря 1890 г. |
| 215 | ## | $a | 43 л. |
| | $d | 39,5х24 см |
| 251 | ## | $c | Дело |
| 300 | ## | $a | На бланке обложки указано: "№10. Дело Кабинета его императорского величества, административного отдела, делопроизводства" |
| 371 | ## | $a | Документ не является опубликованным и широко распространяемым |
| 461 | #0 | $1 | 0013d7c611c-06e8-448a-b7f5-c27d405dea74 |
| | $1 | 2001 |
| | $a | Общий план земель, купленных у графини Орловой-Чесменской |
| | $1 | 251 |
| | $c | Дело |
| | $1 | 852 |
| | $j | 1704 |
| 462 | #0 | $1 | 0013fdf18fa-0981-4b88-94e1-b2aefee42d7a |
| | $1 | 2001 |
| | $a | Высочайшие указы и всеподданнейшие доклады по Министерству императорского двора |
| | $1 | 251 |
| | $c | Опись |
| | $1 | 852 |
| | $j | 22 |
| 801 | #0 | $a | RU |
| | $b | РГИА |
| | $c | 20230531 |
| | $g | RCR |
| 801 | #1 | $a | RU |
| | $b | ГлавНИВЦ |
| | $c | 20230531 |
| | $2 | rusmarc |
| 801 | #2 | $a | RU |
| | $b | ПБ им. Б.Н. Ельцина |
| | $c | 20240228 |
| | $g | RCR |
| | $2 | rusmarc |
| 850 | ## | $a | РГИА |
| 852 | ## | $a | РГИА |
| | $e | Федеральное казенное учреждение "Российский государственный исторический архив" (РГИА) |
| | $j | 16 |
| 937 | ## | $h | РГИА |
| | $d | 12402958 |
| | $a | ASBIBLIO_SCAN |
| 035 | ## | $a | RusGRCC00067961 |
| 856 | ## | $u | http://readingroom.main.prlib.ru/item.aspx?id_node=n191147794&mode=full |